Регионална библиотека "Любен Каравелов" - Русе

Основи на растениевъдството и животновъдството (Запис номер 56545)

MARC детайли
000 -Лидер
Контролно поле с фиксирана дължина nam a22 a 4500
003 - Код на организацията, давaща контролен номер
Контролно поле BLK
005 - Дата и час на последна редакция
Контролно поле 20220523111808.0
008 - Елементи от данни с фиксирана дължина
fixed length control field 180408b bul|||||r ||||||| ||bul||
010 ## - Наследен системен номер
LC control number KNG00060527000
040 ## - Източник на каталожния запис
Идентификатор на билиотеката - собственик на записа BLK
041 ## - Код за език
Код за езика на текст/звукозапис или на отделно заглавие Български
Код за езика КДБФ Български
080 ## - УДК
Текстов определител УДК Агротехника
УДК код - определител по УДК 631.5
УДК определител (075.8)
УДК - код + определител 631.5(075.8)
080 ## - УДК
Текстов определител УДК Общо животновъдство. Развъждане на бозайници и птици. Скотовъдство. Домашни животни и тяхното развъж
УДК код - определител по УДК 636
УДК определител (075.8)
УДК - код + определител 636(075.8)
100 1# - Редна дума - Автор
Автор Георгиев, Трифон Маринов
Авторска отговорност първи автор
R(LIN) 366718
139 ## - Редно поле
Редна дума Георгиев, Трифон Маринов и др.
Авторски знак Георгиев - Г 37
245 10 - Сведения за заглавието
Заглавие Основи на растениевъдството и животновъдството
Подзаглавни данни Учебник за студентите от ВИММЕСС - Русе
Редно поле (дума) Трифон Георгиев, Светлана Къснеделчева, Мария Белопитова.
257 ## - Страна на издаване
Страна на създаване/издаване България
260 ## - Област на издателските данни
Място на издаване, разпространение и проч. София
Име на издателя, разпространителя и проч. Земиздат
Година на издаване 1980
Печатница (Хасково : Ат. Стратиев)
300 ## - Физическа характеристика
Страници 248 с.
Размери/Мащаб 24 см
380 ## - Жанр
Жанр Селско стопанство
504 ## - Забележка за наличие на библиография и др
Забележка за наличие на библиография и под. Библиогр. с. 244-245
650 #4 - Допълнително описание по предмет – тема
Основно описание – тема или топоним Растениевъдство - учебници за ВУЗ
9 (RLIN) 248307
650 #4 - Допълнително описание по предмет – тема
Основно описание – тема или топоним Животновъдство - учебници за ВУЗ
9 (RLIN) 244985
653 ## - Ключова дума – ненормативна
Ключова дума растениевъдство
653 ## - Ключова дума – ненормативна
Ключова дума животновъдство
653 ## - Ключова дума – ненормативна
Ключова дума учебници за ВУЗ
700 1# - Други автори (авторска отговорност)
Лично име Къснеделчева, Светлана Николаевна
Автороска отговорност (Описва отношението между автора и произведението) съавт.
9 (RLIN) 286933
700 1# - Други автори (авторска отговорност)
Лично име Белопитова, Мария Георгиева
Автороска отговорност (Описва отношението между автора и произведението) съавт.
9 (RLIN) 286934
852 ## - Местоположение
Форматна сигнатура Цб 102986
Фондова буква Хранилище
999 ## - СИСТЕМНИ КОНТРОЛНИ НОМЕРА
Koha biblionumber 56545
Koha biblioitemnumber 56545
942 ## - АРТИКУЛИ
Вид на библиотечния материал Книги
Скрит в OPAC Не
Периодичен библиозапис Да
944 ## - СЪЗДАВАНЕ И РЕДАКЦИЯ на ЗАПИСА
Създаване/Редакция Създаване
Дата на регистрацията/редакция 13.06.2004
Служител, извършил регистрацията/редакцията Читалня
944 ## - СЪЗДАВАНЕ И РЕДАКЦИЯ на ЗАПИСА
Създаване/Редакция Редакция
Дата на регистрацията/редакция 2022-05-23
Служител, извършил регистрацията/редакцията ГГГ
Наличности
Код за отписване Код за изгубен артикул Източник на класификационната схема Код за повреда Коз за рестрикции Код за отдаване Артикулен № Име на библиотеката - собственик Име на библиотеката, в която се намира в момента Статус (Текущо местоположение) Дата на вписване в системата Местоположение - отдел Цена в лева Инвентарен номер Систематично азбучна сигнатура Баркод Номер на екземпляра Цена в евро Служебна бележка Служебен тип на артикула
Изтеглен Не е изгубен Universal Decimal Classification Не е повреден без рестрикции ползва се в читалня 89898 Регионална библиотека "Любен Каравелов" Русе Регионална библиотека "Любен Каравелов" Русе Читалня 1993-01-01 Читалня 1.35 303271 Ч 631.5/Г 37 303271 1 0.69 Дата инв: 20.03.2017 Бележки инв: Ч2017 Книги
Изтеглен Не е изгубен Universal Decimal Classification Не е повреден без рестрикции заемане за дома 89899 Регионална библиотека "Любен Каравелов" Русе Регионална библиотека "Любен Каравелов" Русе Заемна - подръчен фонд 1980-01-01 Заемна - подръчен фонд 1.35 303265 П 631.5/Г 37 303265 2 0.69 N: стар фонд Дата: 01.01.1980 Дата инв: 06.02.2018 Бележки инв: П2018 Книги
Изтеглен Не е изгубен Universal Decimal Classification Не е повреден без рестрикции заемане за дома 89900 Регионална библиотека "Любен Каравелов" Русе Регионална библиотека "Любен Каравелов" Русе Заемна - подръчен фонд 1980-01-01 Заемна - подръчен фонд 1.35 303268 П 631.5/Г 37 303268 3 0.69 N: стар фонд Дата: 01.01.1980 Дата инв: 06.02.2018 Бележки инв: П2018 Книги
  Не е изгубен Universal Decimal Classification Не е повреден само за читалня ползва се в читалня 89901 Регионална библиотека "Любен Каравелов" Русе Регионална библиотека "Любен Каравелов" Русе Хранилище 1980-01-01 Хранилище 1.35 302709 Цб 102986 120000302709 4 0.69 Дост: Dp Вид: Д N: стар фонд Дата: 01.01.1980 Книги
Vip Innovations Ltd, Rousse, Bulgaria 2025